Kúpeľníctvo, kúpeľné služby a kúpeľný podnik

Kúpeľníctvo a zdravotná starostlivosť o obyvateľstvo. Kúpeľné služby. Charakteristika kúpeľného podniku. Problematika riadenia kvality služieb v kúpeľnom podniku. Využitie normy ISO 9004/2 v kúpeľnom podniku. Základné a doplnkové služby. Príspevok z riešenia projektu interného grantu č. 0148/00.

Enregistré dans:
Détails bibliographiques
Auteur principal: Dendiš, Ľubomír
Format: Chapitre de livre
Langue:slovaque
Sujets:
Tags: Ajouter un tag
Pas de tags, Soyez le premier à ajouter un tag!

MARC

LEADER 00000naa$a2200000$$$4500
001 0009024
005 20221104095218.4
041 0 |a slo 
044 |a SK 
245 1 0 |a Kúpeľníctvo, kúpeľné služby a kúpeľný podnik  |c aut. Ľubomír Dendiš 
520 |a Kúpeľníctvo a zdravotná starostlivosť o obyvateľstvo. Kúpeľné služby. Charakteristika kúpeľného podniku. Problematika riadenia kvality služieb v kúpeľnom podniku. Využitie normy ISO 9004/2 v kúpeľnom podniku. Základné a doplnkové služby. Príspevok z riešenia projektu interného grantu č. 0148/00. 
610 2 0 |a Slovensko 
610 2 0 |a kúpeľníctvo 
610 2 0 |a riadenie podnikové 
610 2 0 |a normy ISO 
610 2 0 |a služby doplnkové 
610 2 0 |a služby 
610 2 0 |a výskum 
100 1 |a Dendiš, Ľubomír